|
|
|
|
| LEADER |
00000cam a2200000 a 4500 |
| 001 |
vtls009838921 |
| 003 |
SK-MaSNL |
| 005 |
20260302080931.0 |
| 008 |
240314s2008 xo kda f 000 0 slo |
| 015 |
|
|
|a SNBA2010/05-02526
|
| 020 |
|
|
|a 9788089228157
|q (brož.)
|
| 035 |
|
|
|a (SVKBBclas03)vtls000309824
|
| 035 |
|
|
|a urn:nbn:sk:snk-am3hcrx
|
| 035 |
|
|
|a 1A14A163-649F-4C17-9F14-86B1B218C1E6
|
| 035 |
|
|
|a urn:nbn:sk:snk-am00a13h
|
| 040 |
|
|
|a SNK
|b slo
|c SNK
|e AACR2
|
| 041 |
0 |
|
|a slo
|
| 044 |
|
|
|a xo
|c SK
|
| 072 |
|
7 |
|a 621.3
|x Elektrotechnika
|2 konspekt
|
| 080 |
|
|
|a 621.316.93
|2 2001
|
| 080 |
|
|
|a 621.3.015.3
|2 2001
|
| 080 |
|
|
|a 621.316.98
|2 2001
|
| 080 |
|
|
|a 006.7/.8
|2 2001
|
| 080 |
|
|
|a (035)
|2 2001
|
| 100 |
1 |
|
|a Ingeli, Michal
|4 aut
|9 477879
|
| 245 |
1 |
0 |
|a Ochrana pred bleskom a prepätím
|c Michal Ingeli
|
| 250 |
|
|
|a 1. vyd.
|
| 260 |
|
|
|a Bratislava
|b Eurostav
|c 2008
|
| 300 |
|
|
|a 248 s.
|b ilustr., tab., grafy
|c 29 cm
|e 2 DVD
|
| 504 |
|
|
|a Bibliogr. s. 245-248
|
| 650 |
0 |
7 |
|a ochrana pred bleskom
|2 SNKPH
|9 25374
|
| 650 |
0 |
7 |
|a prepätie
|2 SNKPH
|9 18141
|
| 650 |
0 |
7 |
|a blesky
|2 SNKPH
|9 30589
|
| 650 |
0 |
7 |
|a hromozvody
|2 SNKPH
|9 20287
|
| 650 |
0 |
7 |
|a technické normy a štandardy
|2 SNKPH
|9 69944
|
| 655 |
|
7 |
|a príručky
|2 SNKPH
|9 74364
|
| 919 |
|
|
|a 978-80-89228-15-7
|
| 958 |
|
|
|a NB
|
| 968 |
|
|
|d 62
|
| 999 |
|
|
|c 1174723
|d 1176653
|
| 952 |
|
|
|a SNK
|b SNK
|y PREZ
|7 0
|p 17A0649937
|o snkSB 79175
|i snk2010/5942
|8 0
|3 Prílohy: 2 DVD
|0 0
|1 0
|4 0
|d 2010-03-24
|f 1
|l 0
|r 2025-04-30 00:00:00
|w 2026-02-24
|
| 952 |
|
|
|a SNK
|b SNK
|y PREZ
|7 0
|p 17A0649938
|o snkSB 79175/príl.1
|i snk2010/5942
|8 0
|3 Príloha: 1 DVD
|z Príloha
|0 0
|1 0
|4 0
|d 2010-03-24
|l 0
|r 2025-04-30 00:00:00
|w 2026-02-24
|
| 952 |
|
|
|a SNK
|b SNK
|y PREZ
|7 0
|p 17A0649939
|o snkSB 79175/príl.2
|i snk2010/5942
|8 0
|3 Príloha: 1 DVD
|z Príloha
|0 0
|1 0
|4 0
|d 2010-03-24
|l 0
|r 2025-04-30 00:00:00
|w 2026-02-24
|
| 952 |
|
|
|a SNK
|b SNK
|y VYP
|7 0
|p 17A0649940
|o snkSB 79175 D1
|i snk2010/5945
|8 0
|3 Prílohy: 2 DVD
|0 0
|1 0
|4 0
|d 2010-03-24
|l 0
|r 2016-06-30 00:00:00
|w 2026-02-24
|
| 952 |
|
|
|a SNK
|b SNK
|y VYP
|7 0
|p 17A0649942
|o snkSB 79175/príl.2 D1
|i snk2010/5945
|8 0
|3 Príloha: 1 DVD
|z Príloha
|0 0
|1 0
|4 0
|d 2010-03-24
|l 0
|r 2016-06-30 00:00:00
|w 2026-02-24
|
| 952 |
|
|
|a SNK
|b SNK
|y VYP
|7 0
|p 17A0649941
|o snkSB 79175/príl.1 D1
|i snk2010/5945
|8 0
|3 Príloha: 1 DVD
|z Príloha
|0 0
|1 0
|4 0
|d 2010-03-24
|l 0
|r 2016-06-30 00:00:00
|w 2026-02-24
|